| 000 | 00630nam a22001937a 4500 | ||
|---|---|---|---|
| 005 | 20251108171809.0 | ||
| 008 | 250721s1989 xx 000 0 ara d | ||
| 082 | 1 | 4 | _aط/796.8/ديز |
| 100 | 1 |
_aالمستكاوي، نجيب _eمترجم |
|
| 245 | 1 | 0 | _aالألعاب النزالية / |
| 264 | 1 |
_aالقاهره : _bمركز الأهرام للترجمة و النشر، _c1989. |
|
| 300 | _a45ص : مص | ||
| 490 | 0 | _aموسوعة جوفي الرياضية | |
| 650 | 1 | 7 | _aالمبارزة |
| 653 | _aناشئون صغار ( 10 - 14 سنة ) | ||
| 710 | 2 | _aوالت ديزني | |
| 942 |
_2ddc _cBK |
||
| 999 |
_c62775 _d62775 |
||